| 000 | 00813nam a2200205 a 4500 | ||
|---|---|---|---|
| 008 | 120416s1998 ||||||||||||||||| || u | ||
| 020 | _a0333574656 | ||
| 050 | _aSB 299.P3 Jac | ||
| 100 | _aJacquemard, J. C | ||
| 245 | 1 | 0 |
_aOil palm _cJ. C. Jacquemard and edited by Rene Coste |
| 260 |
_aLondon: _bMacmillan _c1998 |
||
| 300 | _avi, 144p. : ill. | ||
| 350 | _a0.00 | ||
| 650 | _aPALM OIL INDUSTRY | ||
| 650 | _aOIL PALM | ||
| 650 | _aPLANTS | ||
| 700 | _aCoste, RenĂ¢e | ||
| 995 |
_D0.00 _FCBU-MAIN LIBRARY (Kitwe) _H1 _I0.00 _M4 _UAVAILABLE _WMar 3, 2009 _ZMain Library Open Access Collection |
||
| 995 |
_D0.00 _FCBU-MAIN LIBRARY (Kitwe) _H3 _I9.99 _M3 _UAVAILABLE _ZMain Library Open Access Collection |
||
| 999 |
_c81552 _d81552 |
||